000 00960nam a22002531u 4500
001 12191
003 HDC
007 cr bn ---
008 210209p2002 my eng
040 _aHDC
100 _aMuhamad Ghawas Maarof,
_eauthor
_912635
245 0 _aYield performance and chemical constituents of selected local lines of Ocimum accessions /
_cby Muhamad Ghawas Maarof and Ahmad Abd. Wahab
260 _aSerdang :
_bMalaysian Agricultural Research and Development Institute (MARDI),
_c2002
300 _a1 page
336 _atext
_2rdacontent
337 _acomputer
_2rdamedia
338 _aonline resource
_2rdacarrier
650 _aChemical constituents
_912637
650 _aLocal Ocimum lines
_912636
856 _zRequest full-text at [email protected]
942 _2lcc
942 _cAR
942 _kJART 003034
999 _c9514
_d9514